| 000 | 00762cem a22001935a 4500 | ||
|---|---|---|---|
| 001 | L140328 | ||
| 008 | 070918s1870 xxk a 0 eng u | ||
| 035 | _a(Sirsi) u140328 | ||
| 041 | 0 | _aeng | |
| 100 | 1 | _aDavies, B. R. | |
| 245 | 0 | 0 |
_aLondon _bdrawn and engraved expressly for the Post Office Directory 1870 by B. R. Davies, 16 George Str., Euston Squ. _h[cartographic material] |
| 255 | _aScale ca. 1:21848 | ||
| 260 |
_aLondon _bKelly and Co. _c1870 |
||
| 300 |
_a1 map _bcloth backed, folded _con sheet 67 x 91 cm., folded to 25 x 35 cm. |
||
| 500 | _aMap is in a poor condition, with tears and losses to the printed area. | ||
| 651 | 4 | _aLondon | |
| 690 | _aENVIRONMENTAL AND LAND CONSULTANCY-GEOMATICS-MAPPING AND POSITIONING-CARTOGRAPHY | ||
| 942 | _n0 | ||
| 999 |
_c116837 _d116837 |
||